La Governabilitat metropolitana a Europa i l'Amèrica del Nord / Mariona Tomàs
ISBN:
978-84-9803-348-9
Publicado:
Barcelona :
Diputació de Barcelona. Àrea de Presidència. Direcció d'Estudis i Prospectiva. Centre per a la Innovació Local ,
2009
Descripción Física:
200 p. : taules, gràf. ; 24 cm
Colección:
Estudis. Govern Local ; 13
MARC
| LEADER | 00000nam a2200000Ia 4500 | ||
|---|---|---|---|
| 001 | 22209 | ||
| 008 | 160829s2009 xx 000 0 cat d | ||
| 020 | |a 978-84-9803-348-9 | ||
| 080 | |a M-6-294 | ||
| 100 | |a Tomàs Fornés, Mariona |9 39241 | ||
| 245 | |a La Governabilitat metropolitana a Europa i l'Amèrica del Nord / Mariona Tomàs | ||
| 260 | |a Barcelona : |b Diputació de Barcelona. Àrea de Presidència. Direcció d'Estudis i Prospectiva. Centre per a la Innovació Local, |c 2009 | ||
| 300 | |a 200 p. : |b taules, gràf. ; |c 24 cm | ||
| 490 | |a Estudis. Govern Local ; 13 | ||
| 590 | |a Bibliografia | ||
| 650 | |a Organismes internacionals |9 39545 | ||
| 650 | |a Administració local |x Unió Europea, Països de la |9 39546 | ||
| 710 | 2 | |a Centre per a la Innovació Local |9 54171 | |
| 710 | 1 | |a Barcelona (Catalunya : Província). |b Direcció d'Estudis i Prospectiva |9 54963 | |
| 901 | |a Arxiu | ||
| 942 | |n 1 | ||
| 952 | |0 0 |1 0 |4 0 |6 M6294 |7 1 |9 49076 |a Arxiu |b Arxiu |d 2016-12-01 |l 0 |o M-6-294 |p 22209 |r 2016-12-01 00:00:00 |w 2016-12-01 |y ARXIU | ||
| 999 | |c 52913 |d 52913 | ||